000 00663nam a2200205Ia 4500
003 GCL
008 140319s9999 xx 000 0 ara d
040 _aGCL /
_cGCL
082 0 4 _a254.1
_bا ا
100 1 _aالسيد احمد فرج
245 1 0 _aالزواج وأحكامه فى مذهب أهل السنة /
_cالسيد احمد فرج
260 _a[S.N] :
_bدار الوفاء للطباعة والنشر والتوزيع ،
_c1989
300 _a255 ص
490 _a
650 0 4 _aالزواج
650 0 4 _aالشريعة الاسلامية
650 0 4 _aالاحوال الشخصية للمسلمين
650 0 4 _aعقود
942 _2ddc
_cBK
999 _c29394
_d29394